E-Government Impact on Public Administration Accountability

Stručná definícia e-governmentu a jeho výhody.

Saved in:
Bibliographic Details
Main Author: Pachta, Miloš
Other Authors: Verner, Robert, 1986-
Format: Book Chapter
Language:English
Subjects:
Tags: Add Tag
No Tags, Be the first to tag this record!

MARC

LEADER 00000nla a2200000 4500
001 0240463
005 20240502073916.1
041 0 |a eng 
044 |a SK 
245 1 0 |a E-Government Impact on Public Administration Accountability  |c Miloš Pachta, Róbert Verner 
520 |a Stručná definícia e-governmentu a jeho výhody. 
610 2 0 |a technológie informačné 
610 2 0 |a technológie komunikačné 
610 2 0 |a technológie nové 
610 2 0 |a služby elektronické 
610 2 0 |a správa verejná 
100 1 |a Pachta, Miloš 
700 1 |a Verner, Robert, 1986-